Países Con Peor Condición De Democracia - Estadísticas

Estadísticas generales
  • Esta prueba ha sido intentada 120 veces
  • La puntuación promedio es 21 de 30
Estadísticas de respuestas
Ranga Cuenta País % Correcto
1 1.08 Corea del Norte
96%
15 2.26 China
90%
2 1.13 República Democrática del Congo
86%
28 2.88 Venezuela
85%
4 1.43 Siria
84%
27 2.85 Afganistán
83%
17 2.38 Irán
83%
10 1.95 Yemen
83%
25 2.84 Cuba
81%
9 1.93 Arabia Saudita
79%
30 3.06 Omán
77%
21 2.70 Sudán
77%
12 2.02 Libia
74%
5 1.61 Chad
72%
29 2.94 Kazajistán
72%
6 1.72 Turkmenistán
71%
13 2.14 Laos
70%
3 1.32 República Centroafricana
70%
8 1.93 Tayikistán
68%
11 2.01 Uzbekistán
68%
16 2.37 Eritrea
66%
23 2.76 Emiratos Árabes Unidos
64%
7 1.92 Guinea Ecuatorial
61%
19 2.55 Baréin
59%
20 2.63 Guinea-Bissau
55%
18 2.48 Bielorrusia
54%
14 2.15 Burundi
54%
26 2.85 Camerún
51%
22 2.75 Azerbaiyán
50%
24 2.77 Yibuti
50%
No se encontraron pruebas coincidentes
Distribución de puntuación
Porcentaje de gente con cada puntuación
Porcentaje por número respondido
Historial de tus puntuaciones
No has intentado esta prueba.